书目信息 |
| 题名: |
湖湘百年
|
|
| 作者: | 江居斌, 著 | |
| 分册: | 上 | |
| 出版信息: | 长沙 湖南人民出版社 2018 |
|
| 页数: | 237页 | |
| 开本: | 24cm | |
| 丛书名: | ||
| 单 册: | ||
| 中图分类: | C955.2 | |
| 科图分类: | ||
| 主题词: | 民族性--min zu xing--研究--湖南--近代 | |
| 电子资源: | ||
| ISBN: | 978-7-5561-2037-6 | |
| 000 | 01018nam0 2200253 45 | |
| 001 | 012001009022 | |
| 005 | 20191029094618.25 | |
| 010 | @a978-7-5561-2037-6@dCNY44.00 | |
| 099 | @aCAL 012018183446 | |
| 100 | @a20181127d2018 em y0chiy50 ea | |
| 101 | 0 | @achi |
| 102 | @aCN@b430000 | |
| 105 | @aaf z 000yy | |
| 106 | @ar | |
| 200 | 1 | @a湖湘百年@Ahu xiang bai nian@e揭开近代湖南人地域性崛起的密码@h上@f江居斌著 |
| 210 | @a长沙@c湖南人民出版社@d2018 | |
| 215 | @a237页@c图@d24cm | |
| 330 | @a本书是一本历史通俗读物,全景再现了中国近代湖南人群体性崛起的历史脉络,通俗易懂的语言结合适当的演绎,用横跨百年的视角描绘了时代关键节点、关键事件和关键人物背后的深层博弈,力图让读者从字里行间悟透历史背后的政治与人性。 | |
| 517 | 1 | @a揭开近代湖南人地域性崛起的密码@Ajie kai jin dai hu nan ren di yu xing jue qi de mi ma |
| 606 | 0 | @a民族性@Amin zu xing@x研究@y湖南@z近代 |
| 690 | @aC955.2@v5 | |
| 701 | 0 | @a江居斌,@Ajiang ju bin@f1982-@4著 |
| 801 | 0 | @aCN@b上海新华@c20191020 |
| 905 | @b1186752-5@dC955.2@e131:1@f4 | |
| 湖湘百年:揭开近代湖南人地域性崛起的密码.上/江居斌著.-长沙:湖南人民出版社,2018 |
| 237页:图;24cm |
| ISBN 978-7-5561-2037-6:CNY44.00 |
| 本书是一本历史通俗读物,全景再现了中国近代湖南人群体性崛起的历史脉络,通俗易懂的语言结合适当的演绎,用横跨百年的视角描绘了时代关键节点、关键事件和关键人物背后的深层博弈,力图让读者从字里行间悟透历史背后的政治与人性。 |
| ● |
| 相关链接 |
|
|
|
|
正题名:湖湘百年
索取号:C955.2/131:1
 
预约/预借
| 序号 | 登录号 | 条形码 | 馆藏地/架位号 | 状态 | 备注 |
| 1 | 1186752 | 211867522 | 第一样本阅览室/ [索取号:C955.2/131:1] | 在馆 | |
| 2 | 1186753 | 211867531 | 第一借阅区/ [索取号:C955.2/131:1] | 在馆 | |
| 3 | 1186754 | 211867540 | 第一借阅区/ [索取号:C955.2/131:1] | 在馆 | |
| 4 | 1186755 | 211867559 | 第一借阅区/ [索取号:C955.2/131:1] | 在馆 |